| 000 | 01041nam a22002537a 4500 | ||
|---|---|---|---|
| 999 |
_c21673 _d21673 |
||
| 003 | AR-CdUCM | ||
| 008 | 190304b ||||| |||| 00| 0 spa d | ||
| 040 |
_aMUNICIPALIDAD PROVINCIAL DEL CUSCO _cBIBLIOTECA MUNICIPAL DEL CUSCO |
||
| 082 |
_a390.24/F63P _bF63P |
||
| 100 |
_aFlores Ochoa, Jorge A. _91877 |
||
| 245 |
_aLos pastores de Paratia : _bUna introducción a su estudio / _cJorge Flores Ochoa |
||
| 260 |
_aCusco : _bMunicipalidad Provincial del Cusco, _c2019. |
||
| 300 |
_a176 paginas ; _c21x15 cm. |
||
| 505 | _aContenido: Puna ichu y alpacas -- El hombre la cultura y la sociedad -- Pastores tejedores y comerciantes -- Algo sobre el problema del pastoreo. | ||
| 650 |
_aIndígenas de América del Sur _97418 |
||
| 650 |
_aIndígenas del Perú _95715 |
||
| 650 |
_aComunidades indígenas _93290 |
||
| 650 |
_aComunidades campesinas _92214 |
||
| 650 |
_aVida y costumbres sociales _9857 |
||
| 650 |
_aTenencia de la tierra _98228 |
||
| 700 |
_aWarthon Calero, Rafael (editor) _945751 |
||
| 942 |
_2ddc _cLIBROS |
||
| 945 | _ar.a.c | ||